00642nam a2200193 i 4500001000700000003000700007005001700014008004100031040002300072100003400095245009000129250001200219260003300231300002200264490002600286700002000312830002600332852009000358189096SpMaBN20231102063035.0190329s1933 sp |||| | spa d aSpMaBN bspa cCDM1 aWassermann, Jakob,d1873-193410aLaudín y los suyos / cJakob Wassermann ; traducida del alemán por Eduardo Prado. a1ª ed. aMadrid : bDédalo, c1933. a318 p. ; c17 cm.1 aSelección literaria1 aPrado, Eduardo.0 aSelección literaria aES-MaACLjL-32264 z. - Donat. herederos de la bibl. de Mª del Pilar Costa Palacín